| 000 | 00000nam##2200000za#4500 |
| 001 | 9.570227 |
| 003 | CaOODSP |
| 005 | 20220901140007 |
| 007 | cr ||||||||||| |
| 008 | 150406|1994||||xxc|||||o f|0| 0 eng|d |
| 040 | |aCaOODSP|beng |
| 043 | |an-cn--- |
| 086 | 1 |aJ3-8/1994-8E-PDF |
| 110 | 1 |aCanada.|bJustice Canada. |bPolicy Sector. |
| 245 | 10|aReview of multiculturalism and justice issues : |h[electronic resource]|ba framework for addressing reform / |c[by] Brian Etherington. |
| 260 | |aOttawa - Ontario : |bJustice Canada. |cMay 1994. |
| 300 | |a106p. |
| 490 | 1 |aWorking document|vWD1994-8e |
| 590 | |a11-08-Supp|b2011-06-16 |
| 720 | 1 |aEtherington, Brian |
| 775 | 08|tRapport sur les questions relatives au multiculturalisme et à la justice : |w(CaOODSP)9.600975 |
| 830 | #0|aWorking document ;|vWD1994-8e|w(CaOODSP)9.505668 |
| 856 | 40|ahttp://publications.gc.ca|qPDF|s621 KB|uhttps://publications.gc.ca/collections/collection_2011/jus/J3-8-1994-8-eng.pdf|yWD1994-8e |